Analýza poptávky a její předpokládaný vývoj u firmy SERVIS CLIMAX a.s. na území České republiky

Saved in:
Bibliographic Details
Main Author Putalová, Veronika (Dissertant)
Other Authors Jurečková, Petra (Thesis advisor)
Format Manuscript Book
LanguageCzech
Published 2013
Subjects
Online AccessPlný text v Digitální knihovně UTB
Physical Description60 s.

Cover

LEADER 00000ntm a22000007u 4500
001 zp32834
041 |a cze 
100 1 |a Putalová, Veronika  |4 dis 
245 1 0 |a Analýza poptávky a její předpokládaný vývoj u firmy SERVIS CLIMAX a.s. na území České republiky 
246 |a Analysis of Demand and its Expected Development of the Company SERVIS CLIMAX a.s. in the Czech Republic 
260 |c 2013 
300 |a 60 s. 
500 |a Studijní obor: Marketing 
500 |a Studijní obor: Marketing 
500 |a Ústav: Vyšší odborná škola ekonomická 
500 |a Univerzita Tomáše Bati ve Zlíně. Fakulta managementu a ekonomiky 
500 |a Tomas Bata University in Zlín. Faculty of Management and Economics 
506 |a Bez omezení 
653 |a Vývoj 
653 |a poptávka 
653 |a prognóza 
653 |a zákazníci 
653 |a výrobek 
653 |a stínicí technika 
653 |a Development 
653 |a demand 
653 |a forecast 
653 |a customers 
653 |a product 
653 |a shading devices 
655 4 |a bakalářská práce 
700 1 |a Jurečková, Petra  |4 ths 
710 2 |a Univerzita Tomáše Bati ve Zlíně. Fakulta managementu a ekonomiky  |4 dgg 
710 2 |a Tomas Bata University in Zlín. Faculty of Management and Economics  |4 dgg 
856 4 0 |u http://hdl.handle.net/10563/25656  |y Plný text v Digitální knihovně UTB